006640000a22002410004500440009100000500002800091650002800119650002500147650001300172650001200185650001400197650002800211082001700239518001100256530000600267100002200273245003900295020001800334260004400352260000900396300000900405041000800414 aQuantitative applications in the social sciences, SAGE University paper seriesb07-073 aBibliography at the end aMathematical statistics aStatistical analysis aSampling aTesting aSociology aQuantitative techniques a519.5bM725u a980611 aM aMohr, Lawrence B. aUnderstanding significance testing a0-8039-3568-4 aLondonbSAGE Publication, Great Britain c1990 a75p. aEng